MARC

LEADER 00000nam0a2200000 4500
001 328691
005 20231102004103.0
035 |a (RuTPU)RU\TPU\book\354391 
035 |a RU\TPU\book\109457 
090 |a 328691 
100 |a 20170221d1978 km y0rusy50 ca 
101 0 |a rus 
102 |a RU 
105 |a a z 001zy 
200 1 |a Исследования в области устойчивости энергосистем и противоаварийной автоматики  |f Всесоюзный научно-исследовательский институт электроэнергетики (ВНИИЭ) 
210 |a Москва  |c Энергия  |d 1978 
215 |a 144 с.  |c ил. 
225 1 |a Труды ВНИИЭ  |v Вып. 56 
320 |a Библиография в конце статей 
606 1 |a Энергетические системы  |x Устойчивость  |2 stltpush  |3 (RuTPU)RU\TPU\subj\21283  |9 46302 
606 1 |a Электрические сети, распределительные  |x Автоматическое управление  |2 stltpush  |3 (RuTPU)RU\TPU\subj\27472  |9 51222 
610 1 |a энергосистемы 
610 1 |a регулирование напряжения 
610 1 |a противоаварийная автоматика 
610 1 |a системные исследования 
610 1 |a нагрузки 
610 1 |a анализ 
610 1 |a возбуждение 
610 1 |a регулирование 
610 1 |a синхронные машины 
610 1 |a самовозбуждение 
610 1 |a переходные процессы 
610 1 |a расчеты 
610 1 |a ЭВМ 
610 1 |a электропотребление 
610 1 |a прогнозирование 
675 |a 621.311.016  |v 3 
675 |a 621.316.1.07  |v 3 
712 0 2 |a Всесоюзный научно-исследовательский институт электроэнергетики (ВНИИЭ)  |2 stltpush  |3 (RuTPU)RU\TPU\col\11260 
801 1 |a RU  |b 63413507  |c 20060913  |g PSBO 
801 2 |a RU  |b 63413507  |c 20170331  |g PSBO 
942 |c BK